<?xml version="1.0" encoding="UTF-8"?>
<marc:record xmlns:marc="http://www.loc.gov/MARC21/slim">
   <marc:leader>00000nam a2200000 a 4500</marc:leader>
   <marc:datafield ind1=" " ind2=" " tag="653">
      <marc:subfield code="a">Schnelligkeit</marc:subfield>
   </marc:datafield>
   <marc:datafield ind1=" " ind2=" " tag="653">
      <marc:subfield code="a">Reaktionsspiel</marc:subfield>
   </marc:datafield>
   <marc:datafield ind1="0" ind2="0" tag="245">
      <marc:subfield code="a">Halli Galli [Spiel]</marc:subfield>
   </marc:datafield>
   <marc:datafield ind1="0" ind2="0" tag="245">
      <marc:subfield code="b">auf die Glocke - fertig - los!</marc:subfield>
   </marc:datafield>
   <marc:datafield ind1=" " ind2="1" tag="264">
      <marc:subfield code="a">Dietzenbach</marc:subfield>
      <marc:subfield code="b">Amigo Spiel + Freizeit GmbH</marc:subfield>
      <marc:subfield code="c">2012</marc:subfield>
   </marc:datafield>
   <marc:datafield ind1="1" ind2=" " tag="520">
      <marc:subfield code="a">Da haben wir den Salat. Ein großer Obstsalat mit Bananen, Erdbeeren, Limonen und Pflaumen, das ist Halli Galli: Schnelligkeit und ein gutes Auge sind hier Trumpf. Reihum deckt jede Person eine Karte auf. Sobald auf allen offenen Karten zusammen genau fünf Früchte einer Sorte liegen, gewinnt die Person, die zuerst klingelt, alle offenliegenden Ablagestapel. Wer am Ende die meisten Karten erklingelt hat, gewinnt.&#xD;
&#xD;
Halli Galli ist einfach großer Spielspaß für Groß und Klein, setzt auf Reaktionsvermögen und Geschwindigkeit und schult nebenbei noch ein schnelles Auge.</marc:subfield>
   </marc:datafield>
   <marc:datafield ind1=" " ind2=" " tag="041">
      <marc:subfield code="a">ger</marc:subfield>
   </marc:datafield>
   <marc:datafield ind1="1" ind2=" " tag="521">
      <marc:subfield code="a">ab 6</marc:subfield>
   </marc:datafield>
   <marc:datafield ind1=" " ind2=" " tag="338">
      <marc:subfield code="a">Gegenstand</marc:subfield>
   </marc:datafield>
</marc:record>
